बाबरनामाः (Record no. 164982)
[ view plain ]
| 000 -LEADER | |
|---|---|
| fixed length control field | 01724nam a22002897a 4500 |
| 005 - DATE AND TIME OF LATEST TRANSACTION | |
| control field | 20190531130042.0 |
| 010 ## - LCCN (DPL NO) | |
| LC control number | B-144790 |
| 020 ## - INTERNATIONAL STANDARD BOOK NUMBER | |
| International Standard Book Number | 8177110993 |
| Terms of availability | 700.00 |
| 035 ## - SYSTEM CONTROL NUMBER | |
| System control number | B-144790 |
| 037 ## - SOURCE OF ACQUISITION | |
| Source of stock number/acquisition | DBAD / PUB |
| 037 ## - SOURCE OF ACQUISITION | |
| Source of stock number/acquisition | साहित्यागार/ PUB |
| 082 ## - DEWEY DECIMAL CLASSIFICATION NUMBER | |
| Classification number | 954.022092 |
| 245 ## - TITLE STATEMENT | |
| Title | बाबरनामाः |
| Statement of responsibility, etc | केशव कुमार ठाकुर द्वारा रूपान्तरित एवं शाहिद अहमद द्वारा संपादित |
| Remainder of title | (सम्राट बाबर की आत्मकथा) / |
| 246 ## - VARYING FORM OF TITLE | |
| Title proper/short title | Babarnama |
| Remainder of title | translated by Keshav Kumar Thakur; edited by Shahid Ahmad |
| 260 ## - PUBLICATION, DISTRIBUTION, ETC. (IMPRINT) | |
| Place of publication, distribution, etc | जयपुर |
| Name of publisher, distributor, etc | साहित्यागार |
| Date of publication, distribution, etc | 2009 |
| 270 ## - ADDRESS | |
| Address | चौड़ा रास्ता |
| City | जयपुर |
| 300 ## - PHYSICAL DESCRIPTION | |
| Extent | 674पृ. |
| Dimensions | 22सेमी (सजिल्द) |
| 500 ## - GENERAL NOTE | |
| General note | मूल तुर्की भाषा से 'मिस्टर लेइडेन' और 'विलियम अर्सकिन' के अँग्रेजी अनुवाद का हिन्दी रूपान्तर |
| 600 ## - SUBJECT ADDED ENTRY--PERSONAL NAME | |
| Personal name | Bābar, Emperor of Hindustan, 1483-1530. |
| 600 ## - SUBJECT ADDED ENTRY--PERSONAL NAME | |
| Personal name | बाबर, हिन्दुस्तान का शासक, 1483-1530. |
| 650 ## - SUBJECT ADDED ENTRY--TOPICAL TERM | |
| Topical term or geographic name as entry element | मुगल साम्राज्य |
| General subdivision | राजा एवं शासक |
| -- | जीवनी |
| 650 ## - SUBJECT ADDED ENTRY--TOPICAL TERM | |
| Topical term or geographic name as entry element | Mogul Empire. |
| General subdivision | Kings and rulers. |
| -- | Biography. |
| 700 ## - ADDED ENTRY--PERSONAL NAME | |
| Personal name | ठाकुर, केशव कुमार |
| 9 (RLIN) | 12140 |
| 700 ## - ADDED ENTRY--PERSONAL NAME | |
| Personal name | शाहिद अहमद |
| 9 (RLIN) | 12141 |
| 942 ## - ADDED ENTRY ELEMENTS (KOHA) | |
| Source of classification or shelving scheme | Dewey Decimal Classification |
| Item type | Hindi Books |
| Call number suffix | बाबर |
| Classification part | 954.022092 |
| Withdrawn status | Lost status | Not for loan | Collection code | Home library | Current library | Date acquired | Source of acquisition | Cost, normal purchase price | Full call number | Barcode | Copy number | Cost, replacement price | Koha item type |
|---|---|---|---|---|---|---|---|---|---|---|---|---|---|
| Non-fiction | Central Library | Central Library | 31/05/2019 | DBAD/PUB | 700.00 | 954.022092 बाबर | B-144790 | 1 | 700.00 | Hindi Books |
